| 000 | 00508nam a22001937a 4500 | ||
|---|---|---|---|
| 001 | 8978 | ||
| 003 | FISKH | ||
| 005 | 20251112121744.0 | ||
| 008 | 251112b cb ||||| |||| 00| 0 eng d | ||
| 040 |
_aFISKH _bkhr _cFISKH _dFISKH |
||
| 050 | _aPZ7 | ||
| 082 | _a423 | ||
| 100 | _aAnonymous | ||
| 245 |
_aAsean Hope Dictionary : _bEnglish-hmer , Khmer-English / _cBy Anonymous |
||
| 260 |
_aPhnom Penh : _c2000. |
||
| 300 |
_a734 pages : _billustrations ; _c21 cm . |
||
| 942 |
_2ddc _cBK _n0 |
||
| 999 |
_c8978 _d8978 |
||